000 00733nam a22001337a 4500
040 _cRUA
082 _aAGR PEC 2022 B1-406 Or.
100 _aPECH SREYNEANG,ប៉ិច ស្រីនាង
245 _aMORPHO-AGRONOMIC RESPONSES OF MUNG BEAN GENOTYPES TO PHOSPHORUS APPLICATION,ចម្លើយតបនូវលក្ខណៈរូបសាស្រ្ត និងក្សេត្រសាស្រ្តរបស់ស្រឡាយសណ្តែកបាយទៅនឹងការប្រើប្រាស់ផូស្វ័រ
260 _aphnom penh
_brua
_c2022
300 _aix.27p.
_bill.
_c29cm.
856 _uhttps://drive.google.com/file/d/1tgzyEJClD7jMr_SCGT9rkCJLbElgt5Eh/view?usp=sharing
942 _cAGR
999 _c24236
_d24236